000 00291nam a22001337a 4500
008 170331b xxu||||| |||| 00| 0 eng d
020 _a0890046751
041 _aeng
080 _a617
100 _a8
101 _aSHM
245 _aSEMINARS IN NEUROLOGICAL SURGERY
_cRAVEN
942 _2udc
_cBK
999 _c9329
_d9329